[Event "Int. Stuttgarter Stadtmeisterschaft B"]
[Site "Ditzingen"]
[Date "2019.05.30"]
[Round "1.1"]
[White "Fischer, Dietmar"]
[Black "Wolff, Sidney Robert"]
[Result "1-0"]
[WhiteElo "1893"]
[BlackElo "1630"]
[PlyCount "91"]
[EventDate "2019.??.??"]
[WhiteTeam "SC Böblingen 1975 e.V."]
[BlackTeam "TSV Willsbach"]

1. e4 c5 2. Nf3 d6 3. d4 cxd4 4. Nxd4 Nc6 5. c4 Nf6 6. Nc3 g6 7. Be2 Bg7 8. Be3
O-O 9. O-O Bd7 10. h3 a6 11. a3 Ne5 12. f4 Nc6 13. b4 b6 14. Qc2 Qc8 15. Rfd1
Nd8 16. Rac1 Bxh3 17. gxh3 Qxh3 18. Bf3 Ng4 19. Bf2 Bxd4 20. Bxd4 Qxf3 21. Nd5
Qg3+ 22. Qg2 Qxg2+ 23. Kxg2 Nc6 24. Bxb6 e6 25. Nc7 Rab8 26. Bg1 Rfc8 27. Nxa6
Ra8 28. b5 Na5 29. c5 Nb3 30. Rc3 Nxc5 31. Kf3 h5 32. Nxc5 dxc5 33. Rxc5 Rxa3+
34. Kg2 Ra2+ 35. Kh3 Rxc5 36. Rd8+ Kh7 37. Bxc5 Rh2+ 38. Kg3 Rc2 39. Bd4 f6 40.
b6 Rd2 41. Bxf6 Nxf6 42. Rxd2 Nxe4+ 43. Kh4 g5+ 44. fxg5 Nxd2 45. b7 Nf3+ 46.
Kxh5 1-0

[Event "Int. Stuttgarter Stadtmeisterschaft B"]
[Site "Ditzingen"]
[Date "2019.05.30"]
[Round "1.2"]
[White "Meinhardt, Alexander"]
[Black "Jantos, Stefan"]
[Result "0-1"]
[WhiteElo "1628"]
[BlackElo "1887"]
[PlyCount "106"]
[EventDate "2019.??.??"]
[WhiteTeam "DJK Sportbund Stuttgart e.V."]
[BlackTeam "SF Oeffingen e.V."]

1. Nf3 Nf6 2. b3 d5 3. Bb2 Nc6 4. e3 g6 5. d4 Bg7 6. c4 e6 7. Nc3 O-O 8. Rc1
Qe7 9. Bd3 Rd8 10. O-O e5 11. dxe5 Nxe5 12. Nxe5 Qxe5 13. Qf3 Bg4 14. Qg3 Qxg3
15. hxg3 dxc4 16. Bxc4 Rd2 17. Ba1 Rad8 18. f3 Be6 19. Bxe6 fxe6 20. Nb5 c6 21.
Nd4 Kf7 22. Rf2 Rd3 23. Nc2 Bh6 24. Bxf6 Kxf6 25. f4 Bf8 26. Nd4 Rxe3 27. Nf3
Rd5 28. Rfc2 Ba3 29. Re1 Bc5 30. Rxe3 Bxe3+ 31. Kf1 Bd4 32. Ke2 h6 33. Rc4 Bb6
34. g4 Ra5 35. a4 Rc5 36. Ne5 Rxc4 37. Nxc4 Bc7 38. Kf3 b5 39. axb5 cxb5 40.
Na3 a6 41. Ke4 e5 42. g3 exf4 43. gxf4 h5 44. g5+ Ke6 45. Nc2 Bb6 46. Ne1 a5
47. Nd3 a4 48. b4 a3 49. Nc1 h4 50. Nb3 a2 51. Kf3 Kf5 52. Na1 Bd4 53. Nb3 a1=Q
0-1

[Event "Int. Stuttgarter Stadtmeisterschaft B"]
[Site "Ditzingen"]
[Date "2019.05.30"]
[Round "1.3"]
[White "Podbicanin, Abaz"]
[Black "Haro, Niel"]
[Result "1-0"]
[WhiteElo "1871"]
[BlackElo "1622"]
[PlyCount "145"]
[EventDate "2019.??.??"]
[BlackTeam "Stuttgarter SF 1879"]

1. e4 e5 2. Nf3 Nc6 3. c3 Nf6 4. d3 Bc5 5. Be2 h6 6. O-O d6 7. h3 Be6 8. d4
Nxe4 9. dxc5 Nxc5 10. Bb5 Bd7 11. Be3 Ne6 12. Na3 a6 13. Ba4 O-O 14. Bc2 f5 15.
Nh2 Ne7 16. f4 e4 17. Bb3 Kh8 18. Bxe6 Bxe6 19. Nc2 Bc4 20. Rf2 Nd5 21. Nf1 Bd3
22. Qc1 Qh4 23. Kh2 Nxe3 24. Qxe3 g5 25. g3 Qh5 26. Ne1 Bb5 27. c4 Bc6 28. Ng2
Kh7 29. Qe2 Qg6 30. Nfe3 Rae8 31. Rd1 Rf7 32. h4 Rg8 33. Rg1 g4 34. Rd1 Qe6 35.
Nd5 Re8 36. Nge3 b5 37. Nb4 Bb7 38. cxb5 a5 39. Nc6 Qxa2 40. Qc4 Qxc4 41. Nxc4
a4 42. Ne3 Ra8 43. Rd5 Bc8 44. Rd4 a3 45. bxa3 Rxa3 46. Nd5 Rb3 47. Ndb4 Bd7
48. Rc2 Rf6 49. Nb8 Bxb5 50. Rxc7+ Kg6 51. Nd5 Re6 52. Rc1 Re8 53. Nc6 Ra8 54.
Nc7 Ra2+ 55. Kh1 Rxg3 56. Rxd6+ Kf7 57. Nxb5 Rh3+ 58. Kg1 Rg3+ 59. Kf1 e3 60.
Ne5+ Ke8 61. Re6+ Kd8 62. Rd1+ Kc8 63. Nd6+ Kb8 64. Nc6+ Kc7 65. Nb5+ Kb6 66.
Nb4+ Kxb5 67. Nxa2 Rf3+ 68. Ke2 Rf2+ 69. Kxe3 Rxa2 70. Rxh6 Ra3+ 71. Kd4 Ra7
72. Rb1+ Ka5 73. Ra1+ 1-0

[Event "Int. Stuttgarter Stadtmeisterschaft B"]
[Site "Ditzingen"]
[Date "2019.05.30"]
[Round "1.4"]
[White "Wohlt, Harald"]
[Black "Gheng, Christian"]
[Result "1/2-1/2"]
[WhiteElo "1619"]
[BlackElo "1865"]
[PlyCount "108"]
[EventDate "2019.??.??"]
[WhiteTeam "Stuttgarter SF 1879"]
[BlackTeam "Schach-Kids Bernhausen e.V."]

1. d4 Nf6 2. Bf4 e6 3. e3 c5 4. c3 Nc6 5. Nd2 d5 6. Ngf3 c4 7. h3 b5 8. Be2 Be7
9. O-O O-O 10. Qc2 Bb7 11. b3 b4 12. bxc4 bxc3 13. Qxc3 dxc4 14. Nxc4 Nd5 15.
Qb2 Nxf4 16. exf4 Rb8 17. Qc3 Bb4 18. Qe3 Ne7 19. Rab1 Bxf3 20. Qxf3 Nf5 21.
Bd3 Qxd4 22. Ne5 Qd6 23. Bxf5 exf5 24. Nc6 Rb6 25. Nxb4 Rxb4 26. Qa3 Rfb8 27.
g3 a5 28. Rxb4 Qxb4 29. Qxb4 Rxb4 30. Rd1 g6 31. Rd5 Ra4 32. Rd2 Kg7 33. Kf1
Rb4 34. Ke2 Kf6 35. Kd3 Ke6 36. Kc3 Rb1 37. Kc2 Rb5 38. Kc3 h6 39. h4 f6 40.
Kc4 Rb1 41. Kc5 g5 42. fxg5 hxg5 43. hxg5 fxg5 44. Rd6+ Ke5 45. Ra6 Rb2 46. f4+
gxf4 47. gxf4+ Kxf4 48. Rxa5 Ke3 49. a4 f4 50. Ra8 f3 51. a5 Rc2+ 52. Kb5 f2
53. Rf8 Rb2+ 54. Kc5 Rc2+ 1/2-1/2

[Event "Int. Stuttgarter Stadtmeisterschaft B"]
[Site "Ditzingen"]
[Date "2019.05.30"]
[Round "1.5"]
[White "Zehring, Mathias"]
[Black "Schmedemann, Jörg"]
[Result "1/2-1/2"]
[WhiteElo "1857"]
[BlackElo "1617"]
[PlyCount "82"]
[EventDate "2019.??.??"]
[WhiteTeam "SC Waiblingen 1921"]
[BlackTeam "SSV Zuffenhausen"]

1. e4 e6 2. d4 d5 3. Nd2 Nf6 4. e5 Nfd7 5. Bd3 c5 6. c3 Nc6 7. Ne2 b6 8. O-O
Be7 9. f4 cxd4 10. cxd4 Nb4 11. Bb1 Ba6 12. Nf3 Qc7 13. a3 Qc4 14. Ng3 Nd3 15.
Bxd3 Qxd3 16. Qxd3 Bxd3 17. Rf2 Rc8 18. Bd2 O-O 19. Bc3 Nb8 20. Ne1 Bc4 21. Nc2
Nc6 22. Ne3 Bb3 23. f5 Bg5 24. Rf3 Rfd8 25. Ng4 Bc2 26. f6 Bg6 27. fxg7 Kxg7
28. Nf6 Bxf6 29. Rxf6 Rd7 30. Ne2 Ne7 31. g4 Ng8 32. Rf4 f6 33. Raf1 Rf7 34. h4
fxe5 35. dxe5 Rxf4 36. Nxf4 Bf7 37. Kg2 Rc4 38. Kg3 Ne7 39. Nd3 Nc6 40. Rf4
Rxf4 41. Kxf4 Bg6 1/2-1/2

[Event "Int. Stuttgarter Stadtmeisterschaft B"]
[Site "Ditzingen"]
[Date "2019.05.30"]
[Round "1.6"]
[White "Ziegler, Michael"]
[Black "Abel, Manfred"]
[Result "0-1"]
[WhiteElo "1615"]
[BlackElo "1856"]
[PlyCount "32"]
[EventDate "2019.??.??"]
[WhiteTeam "SF 59 Kornwestheim"]
[BlackTeam "SK Bietigheim-Bissingen"]

1. e4 c5 2. Nc3 d6 3. Nf3 Nf6 4. Be2 e6 5. O-O Be7 6. Re1 Nc6 7. d4 cxd4 8.
Nxd4 O-O 9. Nxc6 bxc6 10. Be3 Qc7 11. Qd2 Bd7 12. Rad1 Rab8 13. b3 d5 14. e5
Ne8 15. Bf4 Bb4 16. Ra1 Qa5 0-1

[Event "Int. Stuttgarter Stadtmeisterschaft B"]
[Site "Ditzingen"]
[Date "2019.05.30"]
[Round "1.7"]
[White "Schulz, Jens Peter"]
[Black "Afonso, Phil"]
[Result "1-0"]
[WhiteElo "1846"]
[BlackElo "1610"]
[PlyCount "57"]
[EventDate "2019.??.??"]
[WhiteTeam "SV Dicker Turm Esslingen"]
[BlackTeam "SF 59 Kornwestheim"]

1. e4 e5 2. Nc3 Nf6 3. f4 exf4 4. Nf3 Nc6 5. d4 Bb4 6. Bd3 d6 7. O-O Bg4 8. Ne2
O-O 9. c3 Ba5 10. Bxf4 Re8 11. Qc2 Bb6 12. Kh1 h6 13. Rfe1 a5 14. a4 Nd7 15. h3
Bh5 16. g4 Bg6 17. Ng3 Rb8 18. g5 hxg5 19. Bxg5 f6 20. Be3 Qe7 21. Nh4 Bh7 22.
Nhf5 Qf7 23. Qe2 Kh8 24. Bc4 Qf8 25. Qg4 Nd8 26. Nh4 Nc6 27. Qxd7 Re7 28. Qg4
g5 29. Bxg5 1-0

[Event "Int. Stuttgarter Stadtmeisterschaft B"]
[Site "Ditzingen"]
[Date "2019.05.30"]
[Round "1.8"]
[White "Chen, Quingzhi Alexander"]
[Black "Oliva, Jan"]
[Result "1/2-1/2"]
[WhiteElo "1607"]
[BlackElo "1841"]
[PlyCount "106"]
[EventDate "2019.??.??"]
[WhiteTeam "SGem Vaihingen-Rohr"]

1. e4 c5 2. Nf3 e6 3. d4 cxd4 4. Nxd4 a6 5. Nc3 Qc7 6. a3 b5 7. Bd3 Nf6 8. Be3
Bb7 9. f3 Nc6 10. Qd2 Be7 11. Qf2 Ne5 12. O-O O-O 13. Ndxb5 axb5 14. Nxb5 Qc6
15. a4 d5 16. exd5 Nxd5 17. Be4 f5 18. Bxd5 exd5 19. Bd4 Bf6 20. Rfe1 Nc4 21.
b3 Nd6 22. Bxf6 Rxf6 23. Nxd6 Qxd6 24. Rad1 Rh6 25. h3 Qg6 26. Re7 Bc6 27. Rde1
Re8 28. Rxe8+ Bxe8 29. Qd4 Qc6 30. Re5 Bf7 31. c4 Qb6 32. Qxb6 Rxb6 33. cxd5
Rxb3 34. Rxf5 Rd3 35. Kf2 Rxd5 36. Rxd5 Bxd5 37. Ke3 Kf7 38. g3 Ke6 39. f4 Bg2
40. Kf2 Bxh3 41. a5 Kf6 42. a6 Bc8 43. a7 Bb7 44. g4 h6 45. Kg3 g6 46. Kh4 Bf3
47. Kg3 Ba8 48. Kh4 Bc6 49. f5 Bd5 50. fxg6 Kxg6 51. Kh3 Kg5 52. Kg3 Ba8 53.
Kh3 h5 1/2-1/2

[Event "Int. Stuttgarter Stadtmeisterschaft B"]
[Site "Ditzingen"]
[Date "2019.05.30"]
[Round "1.9"]
[White "Tönjes, Jürgen"]
[Black "Steinmassl, Guido"]
[Result "1-0"]
[WhiteElo "1839"]
[BlackElo "1606"]
[PlyCount "57"]
[EventDate "2019.??.??"]
[WhiteTeam "SF Lilienthal von 1971"]
[BlackTeam "SK e4 Gerlingen"]

1. d4 Nf6 2. c4 e6 3. Nc3 Bb4 4. Qb3 c5 5. a3 cxd4 6. axb4 dxc3 7. bxc3 Nc6 8.
Nf3 Qc7 9. e3 O-O 10. Be2 b6 11. O-O Bb7 12. Bb2 Ne7 13. Rfd1 Rfd8 14. h3 Ne4
15. Nd2 f5 16. Nxe4 fxe4 17. b5 Qe5 18. Ba3 Nf5 19. Bg4 d5 20. cxd5 Rxd5 21. c4
Rd3 22. Rxd3 Qxa1+ 23. Rd1 Qf6 24. Bxf5 exf5 25. c5+ Kh8 26. c6 Bxc6 27. bxc6
Qxc6 28. Rd6 Qe8 29. Qd5 1-0

[Event "Int. Stuttgarter Stadtmeisterschaft B"]
[Site "Ditzingen"]
[Date "2019.05.30"]
[Round "1.10"]
[White "Erzic, Leon"]
[Black "Kaufhold, Stephan"]
[Result "0-1"]
[WhiteElo "1603"]
[BlackElo "1827"]
[PlyCount "64"]
[EventDate "2019.??.??"]
[WhiteTeam "SV Leonberg 1978 eV"]
[BlackTeam "SC Böblingen 1975 e.V."]

1. Nf3 Nf6 2. d4 g6 3. c4 Bg7 4. g3 O-O 5. Bg2 c6 6. Nc3 d5 7. cxd5 Nxd5 8.
Nxd5 cxd5 9. Qb3 Nc6 10. e3 Na5 11. Qc3 b6 12. O-O Ba6 13. Rd1 Qd6 14. Bd2 Rfc8
15. Qb4 Qd8 16. Rac1 Nc4 17. Bc3 e6 18. Qa4 Bb7 19. b3 Bc6 20. Qa6 Nd6 21. Rc2
Bf8 22. a4 b5 23. Ba5 Qe8 24. Rdc1 Bb7 25. Rxc8 Bxc8 26. Qc6 Qxc6 27. Rxc6 bxa4
28. bxa4 Bd7 29. Ra6 Nc4 30. Bc3 Nb6 31. a5 Nc4 32. Ne5 Bb5 0-1

[Event "Int. Stuttgarter Stadtmeisterschaft B"]
[Site "Ditzingen"]
[Date "2019.05.30"]
[Round "1.11"]
[White "Schnepel, Thomas"]
[Black "Old, Stefan"]
[Result "1-0"]
[WhiteElo "1811"]
[BlackElo "1595"]
[PlyCount "25"]
[EventDate "2019.??.??"]
[WhiteTeam "SC Pforzheim 1906"]
[BlackTeam "SF Illingen"]

1. e4 c6 2. Nc3 d5 3. Nf3 Bg4 4. h3 dxe4 5. Nxe4 Bf5 6. Ng3 Bg6 7. h4 h6 8. Ne5
Bh7 9. Qf3 Nf6 10. Qb3 Qd5 11. Qxb7 Qxe5+ 12. Ne2 Bxc2 13. Qc8# 1-0

[Event "Int. Stuttgarter Stadtmeisterschaft B"]
[Site "Ditzingen"]
[Date "2019.05.30"]
[Round "1.12"]
[White "Vaclahovsky, Gerhard"]
[Black "Wallinger, Lukas"]
[Result "1-0"]
[WhiteElo "1594"]
[BlackElo "1810"]
[PlyCount "89"]
[EventDate "2019.??.??"]
[WhiteTeam "SK Keres-Augsburg 1980"]
[BlackTeam "SV Unterkochen"]

1. d4 f5 2. Nf3 Nf6 3. c4 g6 4. Nc3 Bg7 5. e3 O-O 6. Bd3 d6 7. e4 fxe4 8. Nxe4
c6 9. Nxf6+ Bxf6 10. O-O Bg4 11. Be2 Qb6 12. Be3 Qxb2 13. Rb1 Qxa2 14. Rxb7 Qa6
15. Qb3 Kh8 16. Re1 Qa5 17. Rb1 Nd7 18. h3 Be6 19. Qd1 Rab8 20. Rxb8 Rxb8 21.
Rxb8+ Nxb8 22. Bf4 Nd7 23. Kh2 Nb6 24. Qc1 Qb4 25. Bd2 Qa4 26. Ng5 Bxc4 27.
Bxc4 Qxc4 28. Qa3 Qa4 29. Qd3 Qxd4 30. Qc2 Qe5+ 31. f4 Qc5 32. Nf7+ Kg7 33. Qa2
Nc4 34. Nd8 Nxd2 35. Ne6+ Kh6 36. Nxc5 Nf1+ 37. Kg1 Bd4+ 38. Kxf1 Bxc5 39. Ke2
Kg7 40. Qb2+ Kf7 41. Qb7 a5 42. Qxc6 Kf6 43. g4 h6 44. Qa8 Bb4 45. Qf8+ 1-0

[Event "Int. Stuttgarter Stadtmeisterschaft B"]
[Site "Ditzingen"]
[Date "2019.05.30"]
[Round "1.13"]
[White "Rühl, Volker"]
[Black "Kußmann, Alexander"]
[Result "1/2-1/2"]
[WhiteElo "1805"]
[BlackElo "1589"]
[PlyCount "111"]
[EventDate "2019.??.??"]
[WhiteTeam "VfL Sindelfingen"]
[BlackTeam "SC Aidlingen"]

1. e4 c5 2. Nf3 e6 3. d4 cxd4 4. c3 dxc3 5. Nxc3 Nc6 6. Bc4 a6 7. O-O Qc7 8.
Qe2 Ne5 9. Nxe5 Qxe5 10. Be3 Bc5 11. Rac1 Ne7 12. f4 Bxe3+ 13. Qxe3 Qc7 14. Bb3
Qd8 15. Rf2 O-O 16. g4 b5 17. Rd2 Ng6 18. g5 Bb7 19. Rcd1 Bc6 20. Ne2 Qc7 21.
Rd6 Rfd8 22. Kf2 Ne7 23. R6d2 Qb7 24. Ng3 Kf8 25. h4 Qa7 26. h5 Qxe3+ 27. Kxe3
a5 28. a3 d5 29. Ne2 Ke8 30. Nd4 dxe4 31. Nxc6 Nxc6 32. Kxe4 Rxd2 33. Rxd2 Rd8
34. Rxd8+ Kxd8 35. Bc2 Ke7 36. Bd3 b4 37. f5 exf5+ 38. Kd5 bxa3 39. bxa3 Nd8
40. Bxf5 g6 41. hxg6 hxg6 42. Bh3 f5 43. gxf6+ Kxf6 44. a4 g5 45. Kc5 Ne6+ 46.
Kb5 Nf4 47. Bd7 Ne6 48. Kxa5 g4 49. Kb6 g3 50. Bc6 Nd4 51. Bh1 Nb3 52. Kb5 Nd4+
53. Kc5 Ke5 54. a5 Nb3+ 55. Kb6 Nxa5 56. Kxa5 1/2-1/2

[Event "Int. Stuttgarter Stadtmeisterschaft B"]
[Site "Ditzingen"]
[Date "2019.05.30"]
[Round "1.14"]
[White "Balija, Cerim"]
[Black "Shahisavandi, Abdollah"]
[Result "0-1"]
[WhiteElo "1586"]
[BlackElo "1800"]
[PlyCount "162"]
[EventDate "2019.??.??"]
[WhiteTeam "Mönchfelder SV 1967"]
[BlackTeam "Karlsruher SF 1853"]

1. e4 c5 2. Nf3 Nc6 3. c3 d6 4. h3 Nf6 5. d3 g6 6. Nbd2 Bg7 7. Be2 O-O 8. O-O
Qc7 9. Re1 b6 10. Nh2 d5 11. exd5 Nxd5 12. Bf3 e6 13. g3 Ne5 14. Nb3 Nxf3+ 15.
Nxf3 Bb7 16. Nh2 Rad8 17. Qe2 Qc6 18. f3 Rd7 19. Be3 Nxe3 20. Qxe3 Qd6 21. Kf2
Qxd3 22. Qxd3 Rxd3 23. Rad1 Rfd8 24. Rxd3 Rxd3 25. Ke2 Ba6 26. Kf2 c4 27. Nc1
Rd2+ 28. Re2 Rd6 29. f4 b5 30. Nf3 Bb7 31. Rd2 Rxd2+ 32. Nxd2 e5 33. Ne2 Bh6
34. Nf3 exf4 35. gxf4 Bc8 36. Kg2 Bg7 37. Ned4 Bd7 38. h4 Kf8 39. Ne5 Be8 40.
Kf3 Bf6 41. Kg3 h5 42. Ndf3 Bd8 43. Nd4 a6 44. Nef3 Ke7 45. Kf2 Kd6 46. Ng5 Kd5
47. Ke3 Bb6 48. Ngf3 f6 49. Nd2 Bd7 50. Ne4 Bd8 51. Nc2 a5 52. Nd4 Be7 53. Nf3
Bf5 54. Ng3 Bb1 55. a3 Bc5+ 56. Nd4 b4 57. axb4 axb4 58. Nge2 Bd3 59. cxb4 Bxb4
60. Nc3+ Kd6 61. Ndb5+ Ke6 62. Nc7+ Kf5 63. Kf3 Bd6 64. N7d5 Ke6 65. Ne3 Be7
66. Na4 f5 67. Kg3 Bb4 68. Nb6 Be1+ 69. Kh3 Bd2 70. Nbd5 Kd6 71. Kg3 Be2 72.
Kf2 Bd3 73. Nc3 Kc5 74. Ned5 Bc1 75. Ne7 Kb4 76. Nc6+ Kb3 77. Nd1 Kc2 78. Ne3+
Kxb2 79. Nb4 Kb3 80. Nxd3 cxd3 81. Nf1 Bxf4 0-1

[Event "Int. Stuttgarter Stadtmeisterschaft B"]
[Site "Ditzingen"]
[Date "2019.05.30"]
[Round "1.15"]
[White "Schömbs, Oliver"]
[Black "Ellinger, Harald"]
[Result "1-0"]
[WhiteElo "1786"]
[BlackElo "1584"]
[PlyCount "73"]
[EventDate "2019.??.??"]
[WhiteTeam "SC Ingersheim e.V."]
[BlackTeam "SK e4 Gerlingen"]

1. c4 Nf6 2. g3 e6 3. Bg2 d5 4. d4 Be7 5. Nf3 O-O 6. O-O Nbd7 7. cxd5 exd5 8.
Nc3 c6 9. Qc2 Re8 10. Bf4 Nf8 11. h3 Ng6 12. Bd2 Bd6 13. Bg5 Be7 14. Bxf6 Bxf6
15. Rab1 Bd7 16. Kh2 Qc8 17. Qd2 Qb8 18. b4 a6 19. Rfc1 Bf5 20. Rb3 Qd6 21. Na4
Rad8 22. Nc5 Bc8 23. e3 h5 24. Kh1 Nf8 25. a4 b6 26. Nd3 Nd7 27. Nf4 g6 28. Qc2
Bb7 29. Nxg6 c5 30. bxc5 Qc6 31. Nf4 bxc5 32. Nxh5 c4 33. Nxf6+ Nxf6 34. Rbb1
Ne4 35. Ne5 Qe6 36. Rxb7 f5 37. Rcb1 1-0

[Event "Int. Stuttgarter Stadtmeisterschaft B"]
[Site "Ditzingen"]
[Date "2019.05.30"]
[Round "1.16"]
[White "Domingos, Antonio"]
[Black "Rüger, Alexander"]
[Result "0-1"]
[WhiteElo "1583"]
[BlackElo "1782"]
[PlyCount "108"]
[EventDate "2019.??.??"]
[WhiteTeam "SK Wernau"]
[BlackTeam "SF Pfullingen"]

1. e4 c5 2. Nf3 Nc6 3. d4 cxd4 4. Nxd4 Nf6 5. Nc3 e6 6. Be3 Bb4 7. f3 d5 8.
Nxc6 bxc6 9. e5 Nd7 10. f4 f6 11. Qg4 Qe7 12. Bd4 O-O 13. a3 Ba5 14. b4 Bb6 15.
Bxb6 axb6 16. Qh4 g5 17. exf6 gxh4 18. fxe7 Re8 19. Bd3 Rxe7 20. Ne2 e5 21.
fxe5 Nxe5 22. Kd2 Rea7 23. Nd4 Nxd3 24. Kxd3 Rxa3+ 25. Rxa3 Rxa3+ 26. c3 c5 27.
bxc5 bxc5 28. Ne2 Ba6+ 29. Ke3 Bxe2 30. Kxe2 Rxc3 31. Ra1 d4 32. Ra7 h3 33.
gxh3 Rxh3 34. Rc7 Rxh2+ 35. Kd3 Rh3+ 36. Ke4 Rh5 37. Kd3 Rg5 38. Ke4 h5 39. Kd3
h4 40. Ke4 h3 41. Rc8+ Kg7 42. Rc7+ Kg6 43. Rc8 Rh5 44. Rg8+ Kf7 45. Rg1 h2 46.
Rf1+ Ke6 47. Rh1 Rh4+ 48. Kd3 Kd5 49. Kd2 c4 50. Kc2 Rh3 51. Kd2 c3+ 52. Kc2
Kc4 53. Kb1 Kb3 54. Kc1 Rg3 0-1

[Event "Int. Stuttgarter Stadtmeisterschaft B"]
[Site "Ditzingen"]
[Date "2019.05.30"]
[Round "1.17"]
[White "Schäfer, Daniel"]
[Black "Wrobel, Gert"]
[Result "1/2-1/2"]
[WhiteElo "1778"]
[BlackElo "1583"]
[PlyCount "76"]
[EventDate "2019.??.??"]
[WhiteTeam "Heilbronner SV"]
[BlackTeam "SC Sillenbuch"]

1. d4 d5 2. c4 e6 3. Nc3 Nf6 4. Bg5 Be7 5. Nf3 Nbd7 6. e3 c5 7. Bd3 dxc4 8.
Bxc4 cxd4 9. exd4 a6 10. a4 O-O 11. O-O Nb6 12. Bd3 Nfd5 13. Bxe7 Qxe7 14. a5
Nd7 15. Nxd5 exd5 16. Qb3 Nf6 17. Rfe1 Be6 18. Ng5 h6 19. Nxe6 fxe6 20. Bf5 Ne4
21. Bxe4 dxe4 22. Rxe4 Kh8 23. Rxe6 Qh4 24. Qe3 Rad8 25. Re4 Qh5 26. Qd2 Rd5
27. b4 Qg6 28. Rae1 Rg5 29. g3 Rgf5 30. R1e2 Qc6 31. Re5 Rf3 32. d5 Qg6 33. Re6
Qb1+ 34. Re1 Rd3 35. Rxh6+ Kg8 36. Rxb1 Rxd2 37. Rb6 Rfxf2 38. Re6 Rg2+ 1/2-1/2

[Event "Int. Stuttgarter Stadtmeisterschaft B"]
[Site "Ditzingen"]
[Date "2019.05.30"]
[Round "1.18"]
[White "Tölg, Wolfgang"]
[Black "Kaplunov, Vadym"]
[Result "0-1"]
[WhiteElo "1581"]
[BlackElo "1773"]
[PlyCount "68"]
[EventDate "2019.??.??"]
[WhiteTeam "SF Oeffingen e.V."]
[BlackTeam "Stuttgarter SF 1879"]

1. e4 c6 2. d4 d5 3. e5 e6 4. Nf3 c5 5. c3 Nc6 6. Bb5 a6 7. Bg5 Qb6 8. Bxc6+
bxc6 9. Qc2 Bd7 10. O-O cxd4 11. cxd4 Rc8 12. Nc3 c5 13. Be3 Nh6 14. h3 Nf5 15.
g4 Nxe3 16. fxe3 Be7 17. Rac1 O-O 18. Na4 Bxa4 19. Qxa4 Qxb2 20. Rc2 Qb6 21.
Rfc1 c4 22. Rc3 Qb5 23. Qd1 Qa5 24. R3c2 Rb8 25. Rb1 Rb5 26. Rcb2 Rfb8 27. Qc2
Qa3 28. Rxb5 Qxe3+ 29. Kg2 axb5 30. Qb2 Qa3 31. Qc2 b4 32. Nd2 Ra8 33. Rb2 c3
34. Nb1 Qxb2 0-1

[Event "Int. Stuttgarter Stadtmeisterschaft B"]
[Site "Ditzingen"]
[Date "2019.05.30"]
[Round "1.19"]
[White "Dallinger, Moritz"]
[Black "Boschmann, Werner"]
[Result "1-0"]
[WhiteElo "1757"]
[BlackElo "1581"]
[PlyCount "101"]
[EventDate "2019.??.??"]
[WhiteTeam "SV Stuttgart-Wolfbusch 1956 e.V."]
[BlackTeam "SC Widdern"]

1. a3 Nf6 2. b4 d5 3. Bb2 g6 4. Nf3 Bg7 5. e3 O-O 6. c4 e6 7. Nc3 c6 8. Rc1
Nbd7 9. Ne2 Re8 10. Ne5 Nxe5 11. Bxe5 Ne4 12. Bxg7 Kxg7 13. d3 Nd6 14. Nd4 e5
15. Nf3 Qf6 16. Be2 Be6 17. d4 exd4 18. Nxd4 Nxc4 19. Nxe6+ Qxe6 20. Qd4+ Qe5
21. Qxe5+ Rxe5 22. Bxc4 dxc4 23. Rxc4 Rd8 24. Ke2 f5 25. Rhc1 Red5 26. R1c2 Kf6
27. h3 g5 28. h4 h6 29. g4 Re5 30. gxf5 Rxf5 31. Re4 Re5 32. Rcc4 Rxe4 33.
hxg5+ hxg5 34. Rxe4 Rd5 35. Re8 a5 36. Rb8 axb4 37. Rxb7 Rb5 38. Rxb5 cxb5 39.
axb4 Ke5 40. Kd3 g4 41. e4 Kf4 42. Kd4 Kf3 43. e5 Kxf2 44. e6 g3 45. e7 g2 46.
e8=Q g1=Q 47. Qe3+ Kf1 48. Qxg1+ Kxg1 49. Kc5 Kf2 50. Kxb5 Ke3 51. Kc6 1-0

[Event "Int. Stuttgarter Stadtmeisterschaft B"]
[Site "Ditzingen"]
[Date "2019.05.30"]
[Round "1.20"]
[White "Koch, Christoph"]
[Black "Engelhardt, Frank"]
[Result "0-1"]
[WhiteElo "1573"]
[BlackElo "1750"]
[PlyCount "86"]
[EventDate "2019.??.??"]
[WhiteTeam "SK Wernau"]
[BlackTeam "SC Schachmatt Botnang"]

1. d4 Nf6 2. c4 e6 3. Nc3 c5 4. Nf3 cxd4 5. Nxd4 Bb4 6. Qc2 Nc6 7. Nxc6 bxc6 8.
a3 Be7 9. Bg5 d5 10. cxd5 cxd5 11. Rd1 O-O 12. e3 Bb7 13. Be2 Rc8 14. Qb3 Rb8
15. O-O Ba6 16. Qc2 Bxe2 17. Qxe2 Qb6 18. b4 Rfc8 19. Na2 Rc4 20. Rc1 Rbc8 21.
Rxc4 Rxc4 22. Rc1 Qb5 23. Rxc4 dxc4 24. Bf4 Qa4 25. g3 Qb3 26. Nc1 Qc3 27. e4
a6 28. Bd2 Qd4 29. Qe3 Qxe4 30. Qxe4 Nxe4 31. Be3 Bf6 32. Ne2 Kf8 33. Bd4 Ke7
34. Bxf6+ Kxf6 35. Nd4 e5 36. Nc2 Ke6 37. f3 Nd2 38. Kf2 Kd5 39. Ke3 Nb3 40. h3
f5 41. h4 e4 42. f4 c3 43. h5 Kc4 0-1

[Event "Int. Stuttgarter Stadtmeisterschaft B"]
[Site "Ditzingen"]
[Date "2019.05.30"]
[Round "2.1"]
[White "Baumeister, Jürgen"]
[Black "Fischer, Dietmar"]
[Result "0-1"]
[WhiteElo "1713"]
[BlackElo "1893"]
[PlyCount "38"]
[EventDate "2019.??.??"]
[WhiteTeam "SC Asperg"]
[BlackTeam "SC Böblingen 1975 e.V."]

1. e4 c5 2. d4 cxd4 3. Nf3 Nc6 4. Nxd4 e6 5. Be3 a6 6. Nc3 Qc7 7. Qd2 Nf6 8.
Be2 b5 9. Nxc6 dxc6 10. f3 Bb7 11. O-O Rd8 12. Qe1 c5 13. Qf2 Bd6 14. g3 h5 15.
e5 Bxe5 16. Bxc5 Qc6 17. Rad1 Rxd1 18. Rxd1 Ng4 19. Bxb5 axb5 0-1

[Event "Int. Stuttgarter Stadtmeisterschaft B"]
[Site "Ditzingen"]
[Date "2019.05.30"]
[Round "2.2"]
[White "Jantos, Stefan"]
[Black "Ruff, Robert"]
[Result "1-0"]
[WhiteElo "1887"]
[BlackElo "1708"]
[PlyCount "144"]
[EventDate "2019.??.??"]
[WhiteTeam "SF Oeffingen e.V."]
[BlackTeam "SK Sachsenheim"]

1. e4 e6 2. d4 d5 3. Nd2 Nf6 4. e5 Nfd7 5. Bd3 c5 6. c3 Nc6 7. Ne2 g6 8. O-O
Bg7 9. Nf3 O-O 10. Be3 cxd4 11. cxd4 f6 12. Nf4 Qe8 13. exf6 Nxf6 14. Re1 Ne4
15. Bxe4 dxe4 16. Nd2 Nxd4 17. Nxe4 e5 18. Nd5 Qd7 19. Nec3 Qf7 20. Rc1 Be6 21.
Nb4 Rad8 22. Qa4 a6 23. Ne4 h6 24. Nc5 Bc8 25. Nc2 Kh7 26. Nb3 Bd7 27. Qb4 Bc6
28. Na5 Bd5 29. b3 Nf3+ 30. Kh1 Nxe1 31. Nxe1 Rc8 32. Rd1 Rfd8 33. Kg1 e4 34.
Bb6 Re8 35. Qd2 Be6 36. Qe2 h5 37. h3 Bd5 38. Nc2 Bc6 39. Nc4 Bb5 40. N2e3 Rc6
41. Qd2 Ree6 42. Ba5 Bxc4 43. Nxc4 b5 44. Ne3 Red6 45. Qe2 Qd7 46. Rxd6 Qxd6
47. g4 Rc1+ 48. Kg2 h4 49. g5 Be5 50. Qg4 Qe7 51. Qxh4+ Kg8 52. Nd5 Qe6 53.
Qxe4 Rc6 54. Bb4 Kf7 55. Qf3+ Kg7 56. Qf8+ Kh7 57. Qh6+ Kg8 58. Qf8+ Kh7 59.
Ne7 Bg7 60. Qf4 Qf5 61. Nxf5 gxf5 62. Qxf5+ Kh8 63. g6 Rf6 64. Qc8+ Rf8 65.
Qxa6 Rb8 66. Qd6 Re8 67. Qd7 Rb8 68. Bd6 Ra8 69. Qxb5 Rg8 70. Be5 Rf8 71. Bxg7+
Kxg7 72. Qe5+ Rf6 1-0

[Event "Int. Stuttgarter Stadtmeisterschaft B"]
[Site "Ditzingen"]
[Date "2019.05.30"]
[Round "2.3"]
[White "Riepert, Steffen"]
[Black "Podbicanin, Abaz"]
[Result "1-0"]
[WhiteElo "1704"]
[BlackElo "1871"]
[PlyCount "105"]
[EventDate "2019.??.??"]
[WhiteTeam "SV Nürtingen 1920"]

1. e4 e5 2. Nf3 d6 3. d4 Bg4 4. dxe5 Bxf3 5. Qxf3 dxe5 6. Bc4 Nf6 7. O-O Nc6 8.
Nc3 h6 9. Rd1 Bd6 10. Nb5 Qe7 11. Nxd6+ cxd6 12. Be3 O-O 13. c3 Na5 14. Bd3 a6
15. Rd2 d5 16. Rad1 dxe4 17. Bxe4 Nc4 18. Re2 Rad8 19. Rde1 Nd6 20. Bc5 Nfxe4
21. Rxe4 f6 22. R4e2 Qc7 23. Be3 Nf7 24. Qg3 Rd3 25. Qg4 Rfd8 26. f4 Rd1 27.
fxe5 Rxe1+ 28. Rxe1 Qxe5 29. Bf2 Qd5 30. Bd4 Ne5 31. Qg3 Re8 32. Bxe5 fxe5 33.
Qf3 e4 34. Qg4 Qxa2 35. Qd7 Qf7 36. Qa4 Qb3 37. Rxe4 Rxe4 38. Qxe4 Qb6+ 39. Kf1
Kf7 40. b4 Qf6+ 41. Ke2 Qxc3 42. Qxb7+ Kg8 43. Qd5+ Kh8 44. Qd8+ Kh7 45. Qd3+
Qxd3+ 46. Kxd3 g5 47. Ke4 Kg6 48. g4 h5 49. h3 Kf6 50. Kd5 h4 51. Kd6 Kf7 52.
Ke5 Kg6 53. Ke6 1-0